| 000 | 00783nam a2200253Ia 4500 | ||
|---|---|---|---|
| 003 | OSt | ||
| 005 | 20220928112559.0 | ||
| 006 | a|||||r|||| 00| 0 | ||
| 007 | ta | ||
| 008 | 220927b |||||||| |||| 00| 0 eng d | ||
| 024 | _a106996 | ||
| 037 | _cTextual | ||
| 040 |
_aSDCL _cSDCL _beng |
||
| 041 |
_2eng _aeng |
||
| 082 | _aR:(A), P6.10-7 | ||
| 100 |
_aChattopadhyaya D P Ed. _9428901 |
||
| 245 | 0 | _aHistory of science,philosophy and culture in Indian civilization,V10.Part 7 | |
| 260 |
_aNew Delhi _bSage Publications _c2006 |
||
| 300 |
_alxi,481p _ccm. |
||
| 490 | _vPolitical ideas in modern India:Thematic explorations | ||
| 650 |
_aPolitical Thought _9428902 |
||
| 942 |
_hR:(A), P6.10-7 _cTEXL _2CC |
||
| 999 |
_c745393 _d745393 |
||